000 01191nam a2200337 a 4500
999 _c22326
_d22326
003 BLK
005 20241023145027.0
008 180413b bul|||||r ||||||| ||bul||
010 _aKNG00024687000
020 _a954-430-107-0
040 _aBLK
041 _aBUL
_cBUL
080 _aГражданско право
_b347
_x(37)(075.8)
_z347(37)(075.8)
100 1 _aАндреев, Михаил Николов
_eпърви автор
_9242334
139 _aАндреев, Михаил Николов
_bА 66
245 1 0 _aРимско частно право
_bУчебник за студентите от СУ Св. Климент Охридски
_cМихаил Николов Андреев.
250 _a7. изд.
257 _aBGR
260 _aСофия
_bСофи-Р
_c1993
300 _a480 с.
_bс портр.
_c20 см
380 _a3
650 4 _aРимско право, частно
_9266317
653 _aправо
852 _aЦб 174615
_bЦб
856 4 _qpdf
_u
_i0.00
_ldisable
856 4 _qpdf
_u
_i0.00
_ldisable
942 _cKNG
_n0
_010
_s1
944 _aCR
_c15.01.2003
_k30575
_lМартин Енчев
944 _aED
_c04.01.2013
999 _d22326